000 00597pam a2200169 4500
005 20250901165311.0
008 720417s1972 nyua b 001 0 eng
010 _a 72002472
020 _a0132169290
050 0 0 _aRC933
_b.C36
082 0 0 _a616.7/2
100 1 _aCampbell, Giraud W.,
_d1904-
245 1 2 _aA doctor's proven new home cure for arthritis
_c[by] Giraud W. Campbell, in association with Robert B. Stone. Foreword by Benjamin S. Frank.
260 _aWest Nyack, N.Y.,
_bParker Pub. Co.
_c[1972]
300 _a224 p.
_billus.
_c24 cm.
942 _2lcc
_hRC933 .C36 1972
999 _c1810
_d1810